Tretí pilier dôchodkového zabezpečenia - DDS ako investícia do budúcnosti bakalárska práca

Na minha lista:
Detalhes bibliográficos
Autor principal: Černá, Petra
Autor Corporativo: Fakulta hospodárskej informatiky EU. Katedra matematiky
Outros Autores: Gogola, Ján, 1977-
Formato: Livro
Idioma:eslovaco
Publicado em: Bratislava 2009
Tags: Adicionar Tag
Sem tags, seja o primeiro a adicionar uma tag!

MARC

LEADER 00000nam$a2200000$$$4500
001 0096061
005 20240318135750.1
041 0 |a slo 
044 |a SK 
245 1 0 |a Tretí pilier dôchodkového zabezpečenia - DDS ako investícia do budúcnosti  |b bakalárska práca  |c Petra Černá ; škol. Ján Gogola 
264 1 |a Bratislava  |c 2009 
300 |a 26 s. 
100 1 |a Černá, Petra 
700 1 |a Gogola, Ján, 1977- 
710 2 |a Fakulta hospodárskej informatiky EU. Katedra matematiky